000 00309nam a22001337a 4500
008 170710b xxu||||| |||| 00| 0 eng d
020 _a0670835684
041 _aeng
080 _a030
100 _a23
101 _aENC
245 _aTHE TREASURY OF THE ENCYCLOPEDIA BRITANNICA
_cFADIMAN,C
942 _2udc
_cBK
999 _c20184
_d20184